Loading...
Introduction to comparative political analysis /
| Main Author: | |
|---|---|
| Format: | Printed Book |
| Published: |
India :
Sarat book distributors,
2006.
|
| LEADER | 00464nam a22001217a 4500 | ||
|---|---|---|---|
| 020 | |a 8187169672 | ||
| 082 | |a 320.3 |b CHA.I | ||
| 100 | |a Chatterji, Rakhahari | ||
| 245 | |a Introduction to comparative political analysis / |c by Rakhahari Chatterji | ||
| 260 | |a India : |b Sarat book distributors, |c 2006. | ||
| 942 | |c BK | ||
| 999 | |c 303288 |d 303288 | ||
| 952 | |0 0 |1 0 |4 0 |6 320_300000000000000_CHA_I |7 0 |8 NFIC |9 323828 |a POL |b POL |c GEN |d 2020-10-13 |l 0 |o 320.3 CHA.I |p POL17352 |r 2020-10-13 |w 2020-10-13 |y BK | ||